000 00911nam a2200241 a 4500
001 000012050
005 20240412074229.0
008 091104s2001 dr 000 j spa d
040 _aDO-SdBNP
_bspa
_cBNPHU
082 _aRD863.44
_bC957i
100 1 _aCruz Mieses, Santiago de la
_924829
245 1 4 _aLos intríngulis ; Síntesis del mundo /
_cSantiago de la Cruz Mieses ; prólogo Estervina Marte Suberví.
246 1 0 _aSíntesis del mundo
260 _aSanto Domingo :
_bUniversitaria-UASD,
_c2001.
300 _a134, 95 p. :
_bil. ;
_c21 cm.
500 _aTítulo con paginación separada y encuadernación invertida
650 0 _aCuentos dominicanos
_9176
650 0 _aPoesía dominicana
_966
650 0 _aLiteratura dominicana.
_967
700 1 2 _aMarte Suberví, Estervina,
_epról.
_928491
710 2 _aUniversidad Auttónoma de Santo Domingo
_928492
910 _aValidado. Control de calidad MFF
999 _c11718
_d11718